000 00982cab a2200277 4500
001 WB2914-04
008 090401t1993 xxu||||| |||| 00| 0 eng d
035 _a(Sirsi) u89730
041 _aeng
245 _aStructural defects of tenements
260 _c1993
350 _a0
490 _aTimes
_v7 April 1993, 35
490 _aNew Builder
_v(169) 2 April 1993, 5(2)
520 _aReasons for the collapse of a tenement building in Glasgow are still unclear but as they were often built on old mines or landfill sites, they are susceptible to collapse. Inherent defects have been recognised in these buildings and a strengthening programme has been carried out on most tenement blocks.
650 _aCOLLAPSE
650 _aDEFECTS
650 _aGLASGOW
650 _aSTRUCTURAL SURVEYS
650 _aSUBSIDENCE
650 _aTENEMENT BUILDINGS
690 _aBUILT ENVIRONMENT-BUILDING PATHOLOGY
690 _aHOUSING-MARKET
942 _n0
948 _c04/03/1997
999 _c56787
_d56787